| 000 | 00492 a2200169 4500 | ||
|---|---|---|---|
| 003 | Nust | ||
| 005 | 20230525113405.0 | ||
| 040 | _cNust | ||
| 082 | _a823, GAL | ||
| 100 |
_aGallico,Paul _9112581 |
||
| 245 |
_aFlowers for Mrs. Harris _cPaul Gallico |
||
| 260 |
_aLondon _bMichael Joseph |
||
| 300 | _a502:p | ||
| 505 | _aFlowers For Mrs. Harris (Page-7), The Hunt For Kimathi (Page-71),By Love Possessed (Page-169),Hide My Eyes (Page-401). | ||
| 650 |
_aFiction _93172 |
||
| 942 |
_2ddc _cBK |
||
| 999 |
_c186757 _d186757 |
||